كتيب الرعاية التمريضية لحديثي الولادة بالمستشفيات / (Record no. 14884)
[ view plain ]
| 000 -LEADER | |
|---|---|
| fixed length control field | 00831nam a22001697a 4500 |
| 008 - FIXED-LENGTH DATA ELEMENTS--GENERAL INFORMATION | |
| fixed length control field | 110104t xxu||||| |||| 00| 0 eng d |
| 082 ## - DEWEY DECIMAL CLASSIFICATION NUMBER | |
| Classification number | 610.73 |
| Item number | ر ع ا |
| 245 ## - TITLE STATEMENT | |
| Title | كتيب الرعاية التمريضية لحديثي الولادة بالمستشفيات / |
| Statement of responsibility, etc | الوكالة الأمريكية للتنمية الدولية |
| 260 ## - PUBLICATION, DISTRIBUTION, ETC. (IMPRINT) | |
| Place of publication, distribution, etc | [القاهرة] : |
| Name of publisher, distributor, etc | الوكالة الأمريكية للتنمية الدولية، 2010 |
| Date of publication, distribution, etc | 2010 |
| 300 ## - PHYSICAL DESCRIPTION | |
| Extent | 147 ص : |
| Other physical details | أيض ؛ |
| Dimensions | 12 سم |
| 504 ## - BIBLIOGRAPHY, ETC. NOTE | |
| Bibliography, etc | ببليوجرافية ص 145-147 |
| 650 ## - SUBJECT ADDED ENTRY--TOPICAL TERM | |
| 9 (RLIN) | 8531 |
| Topical term or geographic name as entry element | الرعاية الصحية |
| 650 ## - SUBJECT ADDED ENTRY--TOPICAL TERM | |
| 9 (RLIN) | 21721 |
| Topical term or geographic name as entry element | التمريض |
| 650 ## - SUBJECT ADDED ENTRY--TOPICAL TERM | |
| 9 (RLIN) | 21722 |
| Topical term or geographic name as entry element | المستشفيات |
| 942 ## - ADDED ENTRY ELEMENTS (KOHA) | |
| Source of classification or shelving scheme | Dewey Decimal Classification |
| Item type | |
| Withdrawn status | Item status | Source of classification or shelving scheme | Damaged status | Not for loan | Vendor | Home library | Current library | Shelving location | Date acquired | Source of acquisition | Total Checkouts | Full call number | Barcode | Date last seen | Koha item type |
|---|---|---|---|---|---|---|---|---|---|---|---|---|---|---|---|
| Dewey Decimal Classification | Central Library | Central Library | First floor | 04/01/2011 | Donation | 610.73 ر ع ا | 000022715 | 15/07/2025 | Book - Borrowing |